| 000 | 00893cam a2200289 i 4500 | ||
|---|---|---|---|
| 999 |
_c200454120 _d72332 |
||
| 003 | TR-AnTOB | ||
| 005 | 20230915134021.0 | ||
| 007 | ta | ||
| 008 | 120523s2007 tu a 00000 tur D | ||
| 020 | _a9789944582483 | ||
| 040 |
_aTR-AnTOB _beng _erda _cTR-AnTOB |
||
| 041 | 0 | _atur | |
| 060 | _aWF 140 | ||
| 096 |
_aWF 140 _bS684 2007 TıpFaK |
||
| 245 | 0 | 0 |
_aSolunum acilleri / _ceditörler: Doç. Dr. Akın Kaya, Doç. Dr. Can Sevinç. |
| 264 | 1 |
_aAnkara : _bPoyraz Tıbbi Yayıncılık, _c2007. |
|
| 300 |
_a366 pages : _billustrations ; _c28 cm |
||
| 336 |
_2rdacontent _atext _btxt |
||
| 337 |
_2rdamedia _aunmediated _bn |
||
| 338 |
_2rdacarrier _avolume _bnc |
||
| 650 | 1 | 2 |
_aRespiratory Tract Diseases _996205 |
| 650 | 1 | 2 | _aEmergency medicine. |
| 700 | 1 |
_aKaya, Akın _eeditor _9143186 |
|
| 700 | 1 |
_aSevinç, Can _4editor _9143188 |
|
| 942 |
_2NLM _cBK |
||